Представление документа в формате RUSMARC

ПолеНазваниеЗначение
  Тип записи a
  Библиографический уровень m
001 Контрольный номер 5820aa489f2d4236bf502f7dabbf9415
005 Дата корректировки 20150318113259.9
010 Индекс ISBN __
a ISBN 978-5-406-03741-6
101 Язык документа 0_
a Язык текста rus
102 Страна публикации __
a Страна публикации RU
200 Заглавие и сведения об ответственности 1_
a Заглавие Финансовая математика
b Общее обозначение материала Текст
e Сведения, относящиеся к заглавию учеб. пособие
f Первые сведения об ответственности П.Н. Брусов [и др.]
205 Сведения об издании __
a Основные сведения об издании 3-е изд., стер.
210 Выходные данные 1_
a Место издания Москва
c Издательство КноРус
d Дата издания 2014
215 Физическое описание __
a Объем 224 с.
225 Серия 2_
a Серия Бакалавриат
610 Ключевые слова 0_
a Ключевые слова финансовая математика
610 Ключевые слова 0_
a Ключевые слова финансовые потоки
610 Ключевые слова 0_
a Ключевые слова доходность
610 Ключевые слова 0_
a Ключевые слова финансовые операции
610 Ключевые слова 0_
a Ключевые слова портфельный анализ
610 Ключевые слова 0_
a Ключевые слова облигации
686 Индексы других классификаций __
a Классификационный индекс 65.9(2)26я73
701 Альтернативная интеллектуальная ответственность _1
a Фамилия Брусов
b Имя П. Н.
e Роль лиц Автор
4 Код отношения 070
701 Альтернативная интеллектуальная ответственность _1
a Фамилия Брусов
b Имя П. П.
e Роль лиц Автор
4 Код отношения 070
701 Альтернативная интеллектуальная ответственность _1
a Фамилия Орехова
b Имя Н. П.
e Роль лиц Автор
4 Код отношения 070
701 Альтернативная интеллектуальная ответственность _1
a Фамилия Скородулина
b Имя С. В.
e Роль лиц Автор
4 Код отношения 070
801 Источник записи _0
a Страна RU
b Организация РУК
c Дата составления 20150318
g Правила каталогизации PSBO
801 Источник записи _1
a Страна RU
b Организация РУК
g Правила каталогизации PSBO
852 Данные о местонахождении __
i Авторский знак Ф 59
j Шифр хранения ББК 65.9(2)26
901 Тип документа __
t Тип документа m
937 Технологическая информация __
a Создатель записи (имя) Золотухина
938 Служебная информация __
a Название организации Головной вуз
952 Тип литературы __
b Гриф литературы для ВШ гриф УМО
c Вид литературы учебное пособие